Countries with the Most People in HDI >0.7 Regions - Statistics

General Stats
  • This quiz has been taken 26 times
  • The average score is 16 of 18
Answers on the Map
Answers color-coded by a green-red scale on the quiz's map according to % correct below.
 
Answer Stats
People (M) Answer % Correct
67 United Kingdom
100%
333 United States
100%
192 Brazil
95%
1292 China
95%
59 Italy
95%
122 Mexico
95%
145 Russia
95%
68 France
91%
83 Germany
91%
189 India
91%
126 Japan
91%
85 Turkey
91%
233 Indonesia
82%
83 Iran
82%
70 Egypt
73%
67 Thailand
68%
72 Philippines
64%
63 Vietnam
64%
No matching quizzes found
Score Distribution
Percent of People with Each Score
Percentile by Number Answered
Your Score History
You have not taken this quiz